000 00783nam a2200277Ia 4500
003 OSt
005 20220918105619.0
006 a|||||r|||| 00| 0
007 ta
008 220915b |||||||| |||| 00| 0 eng d
020 _a0521234905
024 _a40374
037 _cReference Collections
040 _aARTS
_cARTS
_beng
041 _2eng
_aeng
082 _aO142,1:gN, 111M2(RR)
100 _aFrance Peter
_92676
245 0 _aPoets of modern Russian
260 _aCambridge
_bCUP USA
_c1982
300 _axii,240p.
490 _aCambridge studies in Russian literature; 6
500 _aAppendix 220-30p
650 _aENGLISH LITERATURE
942 _hO142,1:gN, 111M2(RR)
_cREF
999 _c108489
_d108489